High - 5 Seconds of Summer (All Lyrics) - Statistics

General Stats
  • This quiz has been taken 300 times
  • The average score is 253 of 289
Answer Stats
High % Correct
Chorus | Outro | Pre-Chorus | Verse 2 I
99%
you
99%
high
98%
me
98%
of
98%
think
98%
When
98%
your
98%
highly
97%
hope
97%
with
97%
don't
96%
else
96%
someone
96%
the
95%
you're
95%
friends
94%
know
94%
like
94%
want
94%
a
93%
for
93%
They
93%
to
92%
themselves
90%
lie
88%
But
86%
that
85%
all
83%
down
82%
see
82%
try
82%
i'm
81%
in
81%
letting
81%
need
81%
changing
80%
have
80%
stop
80%
Verse 1 Today
80%
my
79%
tell
79%
respect
78%
enough
76%
mind
76%
called
74%
expectations
74%
picture
74%
never
73%
And
72%
better
71%
meet
71%
Post-Chorus Da
70%
da
70%
I'll
70%
looks
70%
night
70%
we
70%
different
69%
heart
69%
than
69%
I've
68%
up
68%
been
67%
last
67%
more
67%
paint
67%
waking
66%
spaces
65%
were
65%
is
64%
built
62%
every
58%
mornings
58%
hesitation
57%
take
57%
memories
56%
always
54%
miss
54%
step
54%
Now
38%
two
35%
Intro Check
10%
No matching quizzes found
Score Distribution
Percent of People with Each Score
Percentile by Number Answered
Your Score History
You have not taken this quiz